Appeals against open countryside mapping (Record no. 73008)

MARC details
000 -LEADER
fixed length control field 00997cam a2200217 4500
001 - CONTROL NUMBER
control field WB3926-17
008 - FIXED-LENGTH DATA ELEMENTS--GENERAL INFORMATION
fixed length control field 030708n2003 000 0 eng u
035 ## - SYSTEM CONTROL NUMBER
System control number (Sirsi) u122956
245 ## - TITLE STATEMENT
Title Appeals against open countryside mapping
260 ## - PUBLICATION, DISTRIBUTION, ETC.
Date of publication, distribution, etc. 2003
490 ## - SERIES STATEMENT
Series statement DEFRA News Release
520 ## - SUMMARY, ETC.
Summary, etc. Guidance has been published to assist landowners, ramblers and other groups involved in appeals against the inclusion of land on maps of open country and registered common land. The new rights to walk over land given by the Countryside and Rights of Way Act 2000 do not come into force until the land is conclusively mapped. The appeals guidance is available at http://www.defra.gov.uk/wildlife-countryside/cl/accessopen.htm#appeals. http://www.defra.gov.uk/news/2003/030704e.htm
590 ## - LOCAL NOTE (RLIN)
Local note WB
650 ## - SUBJECT ADDED ENTRY--TOPICAL TERM
Topical term or geographic name entry element COUNTRYSIDE AND RIGHTS OF WAY ACT 2000
650 ## - SUBJECT ADDED ENTRY--TOPICAL TERM
Topical term or geographic name entry element MAPS
650 ## - SUBJECT ADDED ENTRY--TOPICAL TERM
Topical term or geographic name entry element OPEN COUNTRYSIDE
650 ## - SUBJECT ADDED ENTRY--TOPICAL TERM
Topical term or geographic name entry element COMMON LAND
650 ## - SUBJECT ADDED ENTRY--TOPICAL TERM
Topical term or geographic name entry element APPEALS
690 ## - LOCAL SUBJECT ADDED ENTRY--TOPICAL TERM (OCLC, RLIN)
Topical term or geographic name as entry element Rural
9 (RLIN) 6268
942 ## - ADDED ENTRY ELEMENTS (KOHA)
Suppress in OPAC 0
Holdings
Withdrawn status Lost status Source of classification or shelving scheme Damaged status Not for loan Home library Current library Shelving location Date acquired Total Checkouts Full call number Barcode Date last seen Copy number Price effective from Koha item type
    Dewey Decimal Classification     London London News article 08/07/2003   WB3926-17 122956-1001 06/08/2019 1 06/08/2019 News article